000 00488nam a22001817a 4500
003 koha_MIRAKIL
005 20231213100208.0
008 231213b |||||||| |||| 00| 0 ||| d
040 _aTR-IsEVY
_btur
_cTR-IsEVY
082 _a808.06831 ÖME/K
100 _aÖmer Seyfettin, 1884-1920.
245 0 _aKaşağı
260 _bBuhan Yayıncılık,
_c2000
300 _a96 s.
650 _aTürk edebiyatı -- Hikayeler.
650 _aTurkish literature -- Stories.
942 _2ddc
_cBK
999 _c16047
_d16047